Datum a čas kvízu
33.5
Celkem bodů
Celkový počet nahraných bodů na tomto kvízu bez doplňovacích otázek.
4.
Pořadí na kvízu
Konečné umístění týmu na tomto kvízu.
Zaznamenané odpovědi
| # | Otázka | Odpověď | Body | Výsledky |
|---|---|---|---|---|
| 1. | Ústavní soud odmítl stížnost N... | Bouzov | 1 | |
| 2. | Minulý pátek proběhla ve více... | Fridays for Future | 1 | |
| 3. | Minulou sobotu začala v areálu... | František Kupka | 0 | |
| 4. | Minulý týden byla potvrzena fú... | Česká pojišťovna, Pojišťovna Generali | 0 | |
| 5. | Víkendové fotbalové utkání mez... | Na utkání byl opilý rozhodčí. | 1 | |
| 6. | V tomto tématu se podíváme na... | B | 0 | |
| 5. | CHKO Kokořínsko byla v roce 20... | Karel Hynek Mácha | 1 | |
| 5. | Součástí jedné z nejnavštěvova... | Šumava | 1 | |
| 5. | Na pomezí Pardubického kraje a... | Devět skal | 1 | |
| 5. | Jak se nazývá zřícenina gotick... | Děvičky | 1 |